[Event "GER-ch U25 op-B"]
[Site "Willingen"]
[Date "2024.05.24"]
[Round "8"]
[White "Jung, Marcel"]
[Black "Li, Joshua2"]
[Result "0-1"]
[WhiteElo "1709"]
[BlackElo "1601"]
[PlyCount "54"]
[EventDate "2024.05.19"]
[EventType "swiss"]
[EventRounds "9"]
[EventCountry "GER"]
[SourceTitle "EXT 2025"]
[Source "ChessBase"]
[SourceDate "2024.10.14"]
[SourceVersion "1"]
[SourceVersionDate "2024.10.14"]
[SourceQuality "1"]

1. e4 c5 2. Nf3 e6 3. d3 d5 4. Nbd2 Nc6 5. g3 Bd6 6. Bg2 Nge7 7. 0-0 0-0 8. Re1 Bc7 9. e5 Ng6 10. Nb3 b6 11. Bg5 Qd7 12. Qd2 Ngxe5 13. Nxe5 Bxe5 14. c4 Bb7 15. h4 dxc4 16. dxc4 Qxd2 17. Nxd2 Bxb2 18. Rab1 Bd4 19. Nb3 h6 20. Nxd4 cxd4 21. Bd2 Nd8 22. Bb4 Re8 23. Rbd1 Bxg2 24. Kxg2 Rc8 25. Rc1 e5 26. Bd6 f6 27. f4 e4 0-1

[Event "GER-ch U25 op-B"]
[Site "Willingen"]
[Date "2024.05.23"]
[Round "7"]
[White "Tabales, Lennart"]
[Black "Jung, Marcel"]
[Result "1/2-1/2"]
[WhiteElo "1587"]
[BlackElo "1709"]
[PlyCount "63"]
[EventDate "2024.05.19"]
[EventType "swiss"]
[EventRounds "9"]
[EventCountry "GER"]
[SourceTitle "EXT 2025"]
[Source "ChessBase"]
[SourceDate "2024.10.14"]
[SourceVersion "1"]
[SourceVersionDate "2024.10.14"]
[SourceQuality "1"]

1. e4 e5 2. f4 d5 3. exd5 c6 4. dxc6 Nxc6 5. Nc3 exf4 6. Nf3 Nf6 7. Bb5 Bd6 8. Qe2+ Be6 9. Nd4 0-0 10. Nxe6 fxe6 11. Bxc6 bxc6 12. d3 Nd5 13. Ne4 Qh4+ 14. Qf2 Bb4+ 15. c3 Qxf2+ 16. Kxf2 Ba5 17. Bd2 Bb6+ 18. Kf3 Be3 19. Bxe3 fxe3+ 20. Ke2 Nf4+ 21. Kxe3 Nxg2+ 22. Kd2 Rad8 23. Rhg1 Nh4 24. Kc2 Rf3 25. Ng5 Rf2+ 26. Kb3 Rxd3 27. Nxe6 g6 28. Rgf1 Rdf3 29. Rxf2 Rxf2 30. Rh1 Nf3 31. h4 Nd2+ 32. Kb4 1/2-1/2